000
00238nam a2200097Ia 4500
001
796184
005
20250826170742.0
008
250824s9999 xx 000 0 und d
245
0
_a
ŞEYH EDEBALİ
_c
MUSTAFA AKGÜN
260
_b
PANAMA YAYINLARI
999
_c
796184
_d
796184